000 00731cab a2200241 4500
001 WB2835-05
008 090401t1992 xxu||||| |||| 00| 0 eng d
035 _a(Sirsi) u6816
041 _aeng
100 _aEnsom, Tony
245 _aDesign and build
260 _c1992
350 _a0
490 _aCS Monthly
_bthe Building Surveyor
_v2(1) September 1992, 15(1)
520 _aExplains the different functions of a contract administrator and an employers agent under JCT WCD81.
650 _aCONTRACT ADMINISTRATORS
650 _aDESIGN AND BUILD
650 _aEMPLOYERS AGENTS
650 _aJCT 1981 WITH CONTRACTORS DESIGN
690 _aBUILT ENVIRONMENT-BUILDING CONTRACT FORMS
942 _n0
948 _c04/03/1997
999 _c4053
_d4053